[Event "FIN-chT2 Gp4 1819"]
[Site "Finland"]
[Date "2018.09.16"]
[Round "3.5"]
[White "Luodonpaa, Martti J"]
[Black "Poutanen, Olavi"]
[Result "0-1"]
[WhiteElo "1864"]
[BlackElo "1872"]
[PlyCount "54"]
[EventDate "2018.09.15"]
[EventType "team-tourn"]
[EventRounds "6"]
[EventCountry "FIN"]
[SourceTitle "EXT 2020"]
[Source "ChessBase"]
[SourceDate "2019.10.17"]
[SourceVersion "1"]
[SourceVersionDate "2019.10.17"]
[SourceQuality "1"]
[WhiteTeam "Oulu OSS"]
[BlackTeam "Tampere SK"]
[WhiteTeamCountry "FIN"]
[BlackTeamCountry "FIN"]

1. d4 d5 2. Nf3 Bf5 3. Bf4 Nf6 4. e3 e6 5. c4 Bd6 6. Bg3 0-0 7. Nc3 Re8 8. Bd3 Bg6 9. Ne5 Nbd7 10. Nxg6 Bxg3 11. hxg3 fxg6 12. Qb3 c5 13. cxd5 cxd4 14. exd4 exd5+ 15. Kf1 Nb6 16. Rh4 Rc8 17. Rd1 g5 18. Rh1 Re7 19. Qc2 h6 20. Bf5 Rc6 21. Qb3 Qf8 22. Qc2 Nc4 23. g4 Nxg4 24. Kg1 Nge3 25. fxe3 Nxe3 26. Bh7+ Kh8 27. Qg6 Rxg6 0-1

[Event "Heart of Finland op 28th"]
[Site "Jyvaskyla"]
[Date "2018.07.19"]
[Round "6"]
[White "Townsend, M Paul"]
[Black "Luodonpaa, Martti J"]
[Result "1-0"]
[WhiteElo "2219"]
[BlackElo "1864"]
[PlyCount "51"]
[EventDate "2018.07.16"]
[EventType "swiss"]
[EventRounds "9"]
[EventCountry "FIN"]
[SourceTitle "CBM 185 Extra"]
[Source "ChessBase"]
[SourceDate "2018.07.29"]
[SourceVersion "1"]
[SourceVersionDate "2018.07.29"]
[SourceQuality "1"]

1. d4 Nf6 2. c4 g6 3. Nc3 d5 4. Nf3 Bg7 5. Qb3 dxc4 6. Qxc4 0-0 7. e4 Bg4 8. Be3 Nfd7 9. 0-0-0 Nb6 10. Qb3 Bxf3 11. gxf3 Nc6 12. d5 Ne5 13. Be2 Qc8 14. Kb1 c5 15. Rc1 Ned7 16. f4 c4 17. Qb4 Re8 18. e5 e6 19. dxe6 fxe6 20. Ne4 Nd5 21. Qxc4 Qxc4 22. Bxc4 Nxe3 23. fxe3 Nb6 24. Bb3 Re7 25. Ng5 Nd5 26. Nxe6 1-0

[Event "FIN-chT2 Gp4 1718"]
[Site "Finland"]
[Date "2017.12.02"]
[Round "5.4"]
[White "Luodonpaa, Martti J"]
[Black "Seppelin, Vesa"]
[Result "1/2-1/2"]
[WhiteElo "1905"]
[BlackElo "1804"]
[PlyCount "44"]
[EventDate "2017.09.11"]
[EventType "team-tourn"]
[EventRounds "7"]
[EventCountry "FIN"]
[SourceTitle "EXT 2020"]
[Source "ChessBase"]
[SourceDate "2019.10.17"]
[SourceVersion "1"]
[SourceVersionDate "2019.10.17"]
[SourceQuality "1"]
[WhiteTeam "Oulu OSS"]
[BlackTeam "Kokkola SK"]
[WhiteTeamCountry "FIN"]
[BlackTeamCountry "FIN"]

1. f4 d5 2. Nf3 Nf6 3. g3 Bf5 4. d3 e6 5. Bg2 Nbd7 6. c3 Bc5 7. e3 0-0 8. 0-0 h6 9. Kh1 a5 10. a4 c6 11. Na3 Qb6 12. Nc2 Qa6 13. d4 Bd6 14. Nce1 Ne4 15. Kg1 Bg4 16. Nd3 f6 17. Nf2 Bh5 18. Qc2 Nxf2 19. Rxf2 Rae8 20. Bh3 Bxf3 21. Rxf3 f5 22. Bf1 Qb6 1/2-1/2

[Event "Heart of Finland op 26th"]
[Site "Jyvaskyla"]
[Date "2016.07.18"]
[Round "1"]
[White "Nevanlinna, Risto"]
[Black "Luodonpaa, Martti J"]
[Result "1-0"]
[WhiteElo "2241"]
[BlackElo "1831"]
[PlyCount "85"]
[EventDate "2016.07.18"]
[EventType "swiss"]
[EventRounds "9"]
[EventCountry "FIN"]
[SourceTitle "CBM 173 Extra"]
[Source "ChessBase"]
[SourceDate "2016.08.29"]
[SourceVersion "1"]
[SourceVersionDate "2016.08.29"]
[SourceQuality "1"]

1. e4 d5 2. exd5 Qxd5 3. Nc3 Qd6 4. d4 Nf6 5. Nb5 Qb6 6. c4 a6 7. Nc3 e5 8. dxe5 Ng4 9. Nh3 Bc5 10. Ne4 Bd4 11. Be2 Nxe5 12. Nf4 c5 13. 0-0 0-0 14. Nd5 Qd8 15. Bf4 Nbc6 16. Qb3 Be6 17. Rad1 Qa5 18. Nb6 Rad8 19. a3 Nb4 20. axb4 Qxb6 21. Qg3 Ng6 22. Bc7 Qxb4 23. Bxd8 Rxd8 24. b3 h6 25. Bh5 Ne7 26. Qc7 Nc6 27. Bf3 Rc8 28. Qg3 Be5 29. Qh4 Nd4 30. Nd2 Bf6 31. Qe4 Rc7 32. Qf4 Rc8 33. Ne4 Nxf3+ 34. Qxf3 Bd4 35. Rfe1 Rc6 36. h3 Rb6 37. Qg3 Rc6 38. Re3 Qb6 39. Rf3 Kh8 40. Qh4 Kh7 41. Rg3 f5 42. Rxd4 cxd4 43. Qe7 1-0

[Event "FIN-ch Seniors 65+"]
[Site "Helsinki"]
[Date "2014.04.23"]
[Round "7"]
[White "Peltola, Leo"]
[Black "Luodonpaa, Martti J"]
[Result "1/2-1/2"]
[WhiteElo "2010"]
[BlackElo "1897"]
[PlyCount "101"]
[EventDate "2014.04.17"]
[EventType "swiss"]
[EventRounds "7"]
[EventCountry "FIN"]
[SourceTitle "EXT 2022"]
[Source "ChessBase"]
[SourceDate "2021.10.06"]
[SourceVersion "1"]
[SourceVersionDate "2021.10.06"]
[SourceQuality "1"]

1. e4 e5 2. Nf3 Nf6 3. d4 Nxe4 4. Nxe5 d6 5. Nf3 d5 6. h3 Be7 7. Nc3 Nxc3 8. bxc3 0-0 9. Bd3 Re8 10. 0-0 Nd7 11. c4 c6 12. Re1 Nf6 13. Ne5 Be6 14. c5 Nd7 15. Bf4 Nf8 16. Rb1 Qc8 17. Qh5 Bf6 18. Re3 g6 19. Qe2 Bf5 20. Re1 Bxd3 21. Qxd3 Ne6 22. Ng4 Bg7 23. Be5 Qd8 24. Bxg7 Kxg7 25. Qd2 Qg5 26. Qd1 Nc7 27. Re5 Rxe5 28. Rxe5 Qd8 29. Qd2 Ne6 30. Qh6+ Kh8 31. c3 Qf8 32. Qe3 Qg7 33. f4 h5 34. Nf2 Qf6 35. g3 Kg7 36. Nd3 Rg8 37. h4 Kh7 38. Ne1 Ng7 39. Nf3 Nf5 40. Qe1 Qd8 41. Kf2 Kg7 42. Qb1 Qc7 43. Rxf5 gxf5 44. Qxf5 Rh8 45. Qg5+ Kf8 46. f5 Rg8 47. Qh6+ Ke8 48. Ne5 Qa5 49. Qd6 Qd8 50. Qh6 Qa5 51. Qd6 1/2-1/2

[Event "FIN-ch Seniors 65+"]
[Site "Helsinki"]
[Date "2014.04.17"]
[Round "1"]
[White "Haanpaa, Jorma"]
[Black "Luodonpaa, Martti J"]
[Result "1/2-1/2"]
[WhiteElo "2018"]
[BlackElo "1897"]
[PlyCount "74"]
[EventDate "2014.04.17"]
[EventType "swiss"]
[EventRounds "7"]
[EventCountry "FIN"]
[SourceTitle "EXT 2022"]
[Source "ChessBase"]
[SourceDate "2021.10.06"]
[SourceVersion "1"]
[SourceVersionDate "2021.10.06"]
[SourceQuality "1"]

1. e4 e5 2. Nf3 Nf6 3. d4 Nxe4 4. Bd3 d5 5. dxe5 Be7 6. 0-0 Nc6 7. Bf4 Bf5 8. c3 0-0 9. Nd4 Nxd4 10. cxd4 Bg6 11. f3 Ng5 12. Bxg5 Bxg5 13. f4 Bxd3 14. Qxd3 Bh6 15. Nc3 f5 16. Qb5 c6 17. Qxb7 Qb6 18. Qxb6 axb6 19. a3 g5 20. g3 gxf4 21. gxf4 Kf7 22. h3 Rg8+ 23. Kh2 Rg6 24. Ne2 Rag8 25. Rf2 Bf8 26. Nc3 Be7 27. Raf1 Bh4 28. Rc2 Bg3+ 29. Kg2 Bxf4+ 30. Kf3 Bh6 31. Na4 Rg3+ 32. Ke2 Re3+ 33. Kd1 Rd3+ 34. Ke2 Re3+ 35. Kf2 Rgg3 36. Rxc6 Rgf3+ 37. Kg2 Rg3+ 1/2-1/2

[Event "FIN-ch Seniors"]
[Site "Mantta"]
[Date "2013.06.15"]
[Round "6.6"]
[White "Pitkanen, Juhani"]
[Black "Luodonpaa, Martti J"]
[Result "0-1"]
[WhiteElo "1767"]
[BlackElo "1913"]
[PlyCount "94"]
[EventDate "2013.06.13"]
[EventType "swiss"]
[EventRounds "7"]
[EventCountry "FIN"]
[SourceTitle "EXT 2022"]
[Source "ChessBase"]
[SourceDate "2021.10.06"]
[SourceVersion "1"]
[SourceVersionDate "2021.10.06"]
[SourceQuality "1"]

1. d4 Nf6 2. c4 e6 3. Nc3 Bb4 4. Qc2 Nc6 5. Nf3 0-0 6. g3 d6 7. Bg2 e5 8. d5 Bxc3+ 9. bxc3 Ne7 10. Bg5 Ng6 11. 0-0 h6 12. Bxf6 Qxf6 13. e4 b6 14. a4 a5 15. Nd2 Bd7 16. Rfe1 Qe7 17. Nf1 Qf6 18. Ne3 Ne7 19. Qe2 g6 20. Qf3 Qxf3 21. Bxf3 Kg7 22. Bg4 Bxg4 23. Nxg4 f5 24. exf5 gxf5 25. Ne3 f4 26. gxf4 Rxf4 27. Ra2 Raf8 28. Ree2 Ng6 29. Kg2 Kh7 30. Ra1 Nh4+ 31. Kh3 Rg8 32. Nf1 Nf3 33. Ng3 Rxc4 34. Re3 Rf4 35. Kg2 Nh4+ 36. Kf1 Rgf8 37. Ra2 Ng6 38. h3 Rh4 39. Ne2 Nf4 40. Nxf4 Rfxf4 41. Kg2 Rxa4 42. Ra3 Rxa3 43. f4 Rxf4 44. c4 Rxe3 45. h4 Rxc4 46. h5 Rc2+ 47. Kg1 Re1# 0-1

[Event "FIN-ch Seniors"]
[Site "Mantta"]
[Date "2013.06.14"]
[Round "4.4"]
[White "Luodonpaa, Martti J"]
[Black "Niemi, Olavi"]
[Result "0-1"]
[WhiteElo "1913"]
[BlackElo "2021"]
[PlyCount "111"]
[EventDate "2013.06.13"]
[EventType "swiss"]
[EventRounds "7"]
[EventCountry "FIN"]
[SourceTitle "EXT 2022"]
[Source "ChessBase"]
[SourceDate "2021.10.06"]
[SourceVersion "1"]
[SourceVersionDate "2021.10.06"]
[SourceQuality "1"]

1. d4 Nf6 2. Nf3 g6 3. Nc3 Bg7 4. e4 d6 5. h3 0-0 6. Be3 b6 7. Qd2 Bb7 8. Bd3 c5 9. d5 e6 10. dxe6 fxe6 11. Bg5 Qe8 12. 0-0-0 d5 13. Rhe1 d4 14. Nb5 Na6 15. Nd6 Qd7 16. Nxb7 Qxb7 17. Bxf6 Bxf6 18. e5 Bg7 19. Be4 Qd7 20. Bxa8 Rxa8 21. Kb1 Qb5 22. a3 Nc7 23. Qd3 Qc6 24. c3 Nd5 25. cxd4 c4 26. Qc2 b5 27. Nd2 a5 28. Rc1 Bh6 29. Ka1 Rc8 30. Nb1 Bxc1 31. Rxc1 Nf4 32. f3 Nd3 33. Rd1 Qd7 34. Nc3 Rd8 35. Rxd3 cxd3 36. Qxd3 b4 37. Ne4 Qxd4 38. Qxd4 Rxd4 39. axb4 Rxb4 40. Ka2 Rb5 41. f4 h6 42. Ka3 Kg7 43. g3 g5 44. Nf6 gxf4 45. gxf4 Rb4 46. b3 Kg6 47. Ng8 Rb7 48. Ka4 h5 49. Nf6 h4 50. Ne8 Rb4+ 51. Ka3 Rxf4 52. Nd6 Rf3 53. Nc4 Rxh3 54. Nxa5 Rf3 55. Nc4 h3 56. Ka4 0-1

[Event "FIN-ch Seniors"]
[Site "Mantta"]
[Date "2013.06.13"]
[Round "1.3"]
[White "Luodonpaa, Martti J"]
[Black "Aijala, Jouko"]
[Result "1/2-1/2"]
[WhiteElo "1913"]
[BlackElo "2130"]
[PlyCount "128"]
[EventDate "2013.06.13"]
[EventType "swiss"]
[EventRounds "7"]
[EventCountry "FIN"]
[SourceTitle "EXT 2022"]
[Source "ChessBase"]
[SourceDate "2021.10.06"]
[SourceVersion "1"]
[SourceVersionDate "2021.10.06"]
[SourceQuality "1"]

1. d4 Nf6 2. Nf3 g6 3. Nc3 d5 4. Bf4 Bg7 5. e3 0-0 6. Be2 b6 7. Ne5 Bb7 8. h4 Nbd7 9. h5 Ne4 10. hxg6 hxg6 11. Nxe4 Nxe5 12. Ng5 Nd7 13. Nf3 c5 14. c3 Re8 15. Ne5 Nxe5 16. dxe5 e6 17. Bb5 Rf8 18. Qg4 d4 19. 0-0-0 Qd5 20. Qh3 Rfd8 21. Qh7+ Kf8 22. Bh6 Qxe5 23. Qh8+ Ke7 24. Bxg7 Rxh8 25. Bxe5 Rxh1 26. Rxh1 dxe3 27. fxe3 Bxg2 28. Rh2 Bd5 29. b3 a6 30. Bd3 b5 31. Rh7 Rg8 32. Rg7 Rxg7 33. Bxg7 c4 34. Bc2 f5 35. b4 Kd6 36. Kd2 e5 37. Bh6 Bc6 38. Bd1 Ke6 39. Bg5 Kd5 40. Bf3+ e4 41. Be2 Ke6 42. Ke1 Be8 43. Kf2 Bc6 44. Kg3 Kf7 45. Kf4 Ke6 46. Bd8 Bd7 47. Kg5 Kf7 48. Bf1 Be8 49. Bh3 Bd7 50. Bf6 Bc8 51. Bg2 Bd7 52. Bd4 Bc8 53. Kf4 Ke6 54. Bg7 Bd7 55. Bf1 Bc6 56. Be2 Kf7 57. Bh6 Kf6 58. Bd1 Bd7 59. Bc2 Bc6 60. Bg5+ Ke6 61. Bh4 Bb7 62. a4 Bc6 63. axb5 axb5 64. Kg5 Kf7 1/2-1/2

[Event "Kokkola We KokkSK"]
[Site "Kokkola"]
[Date "2013.??.??"]
[Round "3"]
[White "Luodonpaa, Martti J"]
[Black "Skrjabin, Igor"]
[Result "0-1"]
[WhiteElo "1913"]
[BlackElo "2053"]
[PlyCount "38"]
[EventDate "2013.??.??"]
[EventType "swiss"]
[EventRounds "5"]
[EventCountry "FIN"]
[SourceTitle "EXT 2022"]
[Source "ChessBase"]
[SourceDate "2021.10.06"]
[SourceVersion "1"]
[SourceVersionDate "2021.10.06"]
[SourceQuality "1"]

1. d4 Nf6 2. c4 g6 3. Nf3 Bg7 4. Nc3 d6 5. e4 0-0 6. Be2 e5 7. Be3 Ng4 8. Bg5 f6 9. Bc1 c6 10. h3 Nh6 11. Be3 Nd7 12. b4 f5 13. Bxh6 Bxh6 14. dxe5 Nxe5 15. Nxe5 dxe5 16. 0-0 Qe7 17. Qb3 Be6 18. Qb2 f4 19. Rad1 f3 0-1

[Event "FIN-ch op"]
[Site "Mantta"]
[Date "2011.07.30"]
[Round "8"]
[White "Luodonpaa, Martti J"]
[Black "Mantyniemi, Jaakko"]
[Result "0-1"]
[WhiteElo "1986"]
[BlackElo "1912"]
[PlyCount "102"]
[EventDate "2011.07.25"]
[EventType "swiss"]
[EventRounds "9"]
[EventCountry "FIN"]
[SourceTitle "EXT 2022"]
[Source "ChessBase"]
[SourceDate "2021.10.06"]
[SourceVersion "1"]
[SourceVersionDate "2021.10.06"]
[SourceQuality "1"]

1. f4 b5 2. Nf3 Nf6 3. e3 a6 4. c4 c6 5. Be2 bxc4 6. Bxc4 d5 7. Be2 Bf5 8. 0-0 Qb6 9. Nc3 h6 10. Na4 Qa7 11. Ne5 Nfd7 12. Bg4 e6 13. Bxf5 exf5 14. Qc2 Nxe5 15. fxe5 g6 16. d4 Qc7 17. Bd2 Nd7 18. Rac1 c5 19. Nxc5 Bxc5 20. dxc5 0-0 21. c6 Nxe5 22. Bb4 Rfe8 23. Qd2 a5 24. Bc3 Nxc6 25. Qxd5 Rad8 26. Qb5 Rb8 27. Qd5 Qb6 28. Bd2 Red8 29. Qxc6 Qxc6 30. Rxc6 Rxd2 31. b3 Rxa2 32. Rc3 a4 33. Rb1 Ra3 34. Kf2 Raxb3 35. Rcxb3 Rxb3 36. Ra1 a3 37. Kf3 g5 38. h3 h5 39. h4 f6 40. Ra2 f4 41. hxg5 fxg5 42. Ke4 Rxe3+ 43. Kf5 Rg3 44. Kf6 g4 45. Rc2 Rb3 46. Rc8+ Kh7 47. Kg5 f3 48. gxf3 gxf3 49. Rc7+ Kg8 50. Kg6 Rb6+ 51. Kxh5 f2 0-1

[Event "FIN-ch op"]
[Site "Mantta"]
[Date "2011.07.29"]
[Round "7"]
[White "Saharinen, Petri"]
[Black "Luodonpaa, Martti J"]
[Result "1/2-1/2"]
[WhiteElo "1849"]
[BlackElo "1986"]
[PlyCount "57"]
[EventDate "2011.07.25"]
[EventType "swiss"]
[EventRounds "9"]
[EventCountry "FIN"]
[SourceTitle "EXT 2022"]
[Source "ChessBase"]
[SourceDate "2021.10.06"]
[SourceVersion "1"]
[SourceVersionDate "2021.10.06"]
[SourceQuality "1"]

1. d4 g6 2. c4 Bg7 3. Nc3 c5 4. d5 Bxc3+ 5. bxc3 Qa5 6. Bd2 f5 7. g3 Nf6 8. Bg2 d6 9. Nh3 Nbd7 10. 0-0 Ne5 11. Qb3 Qa6 12. Qb5+ Bd7 13. Qxa6 bxa6 14. f3 Nxc4 15. Bh6 Nxd5 16. Kf2 Nf6 17. Bg7 Rg8 18. Bxf6 exf6 19. f4 Ke7 20. Bxa8 Rxa8 21. Rfd1 Bc6 22. Rab1 Be4 23. Rbc1 Rb8 24. Ng1 Rb2 25. a4 a5 26. Ra1 Nd2 27. Ke3 Nc4+ 28. Kf2 Nd2 29. Ke3 1/2-1/2

[Event "FIN-ch op"]
[Site "Mantta"]
[Date "2011.07.27"]
[Round "4"]
[White "Luodonpaa, Martti J"]
[Black "Alisaari, Vellu"]
[Result "1-0"]
[WhiteElo "1986"]
[BlackElo "1224"]
[PlyCount "51"]
[EventDate "2011.07.25"]
[EventType "swiss"]
[EventRounds "9"]
[EventCountry "FIN"]
[SourceTitle "EXT 2022"]
[Source "ChessBase"]
[SourceDate "2021.10.06"]
[SourceVersion "1"]
[SourceVersionDate "2021.10.06"]
[SourceQuality "1"]

1. f4 c5 2. Nf3 e6 3. e3 Nc6 4. Be2 Be7 5. 0-0 Nf6 6. b3 0-0 7. Bb2 d6 8. Qe1 a6 9. a4 Nb4 10. Na3 Kh8 11. c3 Nbd5 12. Bd3 Qb6 13. Bc2 Bd7 14. Nc4 Qc7 15. a5 Qd8 16. Ng5 g6 17. e4 Nc7 18. e5 Nfd5 19. exd6 Bxg5 20. dxc7 Qxc7 21. fxg5 Bb5 22. Rf3 Bc6 23. Qe5+ Qxe5 24. Nxe5 Be8 25. c4 Nb4 26. Nxg6+ 1-0

[Event "FIN-ch op"]
[Site "Mantta"]
[Date "2011.07.26"]
[Round "2"]
[White "Luodonpaa, Martti J"]
[Black "Riihimaki, Pekka"]
[Result "0-1"]
[WhiteElo "1986"]
[BlackElo "1971"]
[PlyCount "76"]
[EventDate "2011.07.25"]
[EventType "swiss"]
[EventRounds "9"]
[EventCountry "FIN"]
[SourceTitle "EXT 2022"]
[Source "ChessBase"]
[SourceDate "2021.10.06"]
[SourceVersion "1"]
[SourceVersionDate "2021.10.06"]
[SourceQuality "1"]

1. f4 Nf6 2. Nf3 g6 3. d3 d5 4. e3 Bg7 5. Be2 0-0 6. 0-0 c5 7. Nc3 d4 8. Ne4 Nfd7 9. Ng3 dxe3 10. c3 Nc6 11. Bxe3 b6 12. f5 Nf6 13. Qa4 Bd7 14. Qh4 e6 15. fxg6 fxg6 16. Bg5 Ne7 17. Ne5 Nf5 18. Nxf5 gxf5 19. Rf3 Be8 20. Rh3 Bg6 21. Qc4 Qe8 22. Nxg6 hxg6 23. Re3 Nd5 24. Rh3 Qd7 25. Bf3 Kf7 26. Re1 Rac8 27. Rxe6 Kxe6 28. Bxd5+ Qxd5 29. Re3+ Be5 30. Qa6 f4 31. Re4 Kf5 32. h4 Rfd8 33. Qxa7 Qxd3 34. Rxf4+ Bxf4 35. Qf7+ Ke4 36. Qxf4+ Kd5 37. Qf7+ Kc6 38. Qe6+ Kb7 0-1

[Event "Heart of Finland op 21st"]
[Site "Jyvaskyla"]
[Date "2011.07.11"]
[Round "1"]
[White "Eloranta, Kari"]
[Black "Luodonpaa, Martti J"]
[Result "1/2-1/2"]
[WhiteElo "2052"]
[BlackElo "1976"]
[PlyCount "25"]
[EventDate "2011.07.11"]
[EventType "swiss"]
[EventRounds "9"]
[EventCountry "FIN"]
[SourceTitle "EXT 2022"]
[Source "ChessBase"]
[SourceDate "2021.10.06"]
[SourceVersion "1"]
[SourceVersionDate "2021.10.06"]
[SourceQuality "1"]

1. e4 g6 2. d4 Bg7 3. Nc3 c5 4. Nf3 cxd4 5. Nxd4 Nc6 6. Be3 Nf6 7. Bc4 0-0 8. 0-0 Nxe4 9. Nxe4 d5 10. Nxc6 bxc6 11. Bd3 dxe4 12. Bxe4 Ba6 13. Qxd8 1/2-1/2

[Event "FIN-chT1A 1011"]
[Site "Finland"]
[Date "2010.09.18"]
[Round "1.7"]
[White "Heikkila, Samu"]
[Black "Luodonpaa, Martti J"]
[Result "0-1"]
[WhiteElo "1902"]
[BlackElo "1980"]
[PlyCount "82"]
[EventDate "2010.09.18"]
[EventType "team-tourn"]
[EventRounds "9"]
[EventCountry "FIN"]
[SourceTitle "EXT 2022"]
[Source "ChessBase"]
[SourceDate "2021.10.06"]
[SourceVersion "1"]
[SourceVersionDate "2021.10.06"]
[SourceQuality "1"]
[WhiteTeam "Helsinki HSK III"]
[BlackTeam "Oulu OSS"]
[WhiteTeamCountry "FIN"]
[BlackTeamCountry "FIN"]

1. e4 e6 2. d4 d5 3. Be3 dxe4 4. Nd2 Nf6 5. c3 Be7 6. Qc2 Nbd7 7. Nxe4 b6 8. Nxf6+ Nxf6 9. Bb5+ Bd7 10. Bxd7+ Qxd7 11. Nf3 0-0 12. Ne5 Qd5 13. 0-0 c5 14. Rfd1 cxd4 15. Bxd4 Qb7 16. Nf3 h6 17. Qe2 Rac8 18. a4 Rfd8 19. a5 Ra8 20. axb6 axb6 21. Qb5 Rab8 22. Ne5 Rd5 23. Qc6 Bc5 24. Qxb7 Rxb7 25. Bxc5 bxc5 26. Rxd5 Nxd5 27. Nc4 Kf8 28. Ra8+ Ke7 29. Kf1 Nb6 30. Na5 Rc7 31. Ra6 Nd5 32. g3 Kf6 33. Ke2 c4 34. f4 h5 35. h4 Ne7 36. Kf3 Nf5 37. Nc6 Rb7 38. Nb4 g6 39. Rc6 Rxb4 40. Rc8 Rxb2 41. Rxc4 Rc2 0-1

[Event "Tampere We Taraus Group A"]
[Site "Tampere"]
[Date "2010.??.??"]
[Round "1"]
[White "Luodonpaa, Martti J"]
[Black "Kekki, Jorma J"]
[Result "1-0"]
[WhiteElo "2005"]
[BlackElo "2128"]
[PlyCount "87"]
[EventDate "2010.??.??"]
[EventType "swiss"]
[EventRounds "5"]
[EventCountry "FIN"]
[SourceTitle "EXT 2022"]
[Source "ChessBase"]
[SourceDate "2021.10.06"]
[SourceVersion "1"]
[SourceVersionDate "2021.10.06"]
[SourceQuality "1"]

1. f4 g6 2. Nf3 Bg7 3. e3 Nf6 4. Be2 0-0 5. 0-0 d6 6. d3 Nbd7 7. e4 e5 8. fxe5 Nxe5 9. Nxe5 dxe5 10. Be3 Qe7 11. Nd2 Be6 12. Kh1 Rad8 13. Qe1 Ng4 14. Bxg4 Bxg4 15. Qg3 Be6 16. a3 c5 17. Qf2 b6 18. Qg3 b5 19. b3 h6 20. a4 b4 21. Rad1 Kh7 22. Nc4 Bxc4 23. dxc4 Rxd1 24. Rxd1 f5 25. exf5 gxf5 26. Qf2 f4 27. Bxc5 Rd8 28. Bxe7 Rxd1+ 29. Qg1 Rxg1+ 30. Kxg1 Kg6 31. Bxb4 Kf5 32. Kf2 e4 33. h3 Bd4+ 34. Ke2 h5 35. Be1 Ke5 36. b4 Bb2 37. c3 a5 38. Bd2 e3 39. Be1 Ke4 40. bxa5 Ba3 41. a6 Bc5 42. Bh4 Ke5 43. Bd8 Kd6 44. Bf6 1-0

[Event "Tampere We Taraus Group A"]
[Site "Tampere"]
[Date "2010.??.??"]
[Round "2"]
[White "Ronka, Erik"]
[Black "Luodonpaa, Martti J"]
[Result "1/2-1/2"]
[WhiteElo "1979"]
[BlackElo "2005"]
[PlyCount "71"]
[EventDate "2010.??.??"]
[EventType "swiss"]
[EventRounds "5"]
[EventCountry "FIN"]
[SourceTitle "EXT 2022"]
[Source "ChessBase"]
[SourceDate "2021.10.06"]
[SourceVersion "1"]
[SourceVersionDate "2021.10.06"]
[SourceQuality "1"]

1. d4 e6 2. e4 d5 3. Nc3 dxe4 4. Nxe4 Nd7 5. Nf3 Ngf6 6. Bd3 c5 7. Nxf6+ Nxf6 8. Bg5 cxd4 9. Nxd4 Be7 10. 0-0 0-0 11. Re1 h6 12. Bh4 a6 13. c3 Qc7 14. Qe2 g5 15. Bg3 Bd6 16. Bxd6 Qxd6 17. Rad1 Kg7 18. Bb1 Qc7 19. Rd3 Bd7 20. Rg3 Rae8 21. f4 Qxf4 22. Rf1 Qd6 23. Qf3 e5 24. Nf5+ Bxf5 25. Qxf5 Rg8 26. Bc2 Qb6+ 27. Kh1 Qe6 28. Qf2 Nh5 29. Re3 Nf4 30. g3 Qxa2 31. gxf4 exf4 32. Rxe8 Rxe8 33. Qd4+ Kg8 34. c4 Qa5 35. Qd3 Re6 36. Qf3 1/2-1/2